Shaka Zulu /

Furkejuvvon:
Bibliográfalaš dieđut
Váldodahkki: Sinclair, Joshua (realización)
Eará dahkkit: Sinclair, Joshua (guión) (guión), Sinclair, Marie-Louise (guión) (guión), Battaglia, Gianlorenzo (fotógrafo) (fotógrafo), Nahler, Britta (montaje) (montaje), Olins, Charles (música) (música), Ryder, Mark (música) (música), Cele, Henry (actuación) (actuación), Fox, James (actuación) (actuación), Hasselhoff, David (actuación) (actuación)
Materiálatiipa: Dia
Giella:espánnjágiella
Almmustuhtton: Holanda? : Alemania? : Global Entertainment ; Victory Shaka Zulu, 2001, c2001
México : Representaciones Comerciales y Educativas en Video [dist.], 2005, c2005
Fáttát:
Fáddágilkorat: Lasit fáddágilkoriid
Eai fáddágilkorat, Lasit vuosttaš fáddágilkora!

MARC

LEADER 00000ngm^a2200000^a^4500
001 000313275
005 20250521000000.0
009 20260310113139.761
037 |a Acervo ITESO - Biblioteca 
041 |a ESP 
082 |a 968. 4039  |b SIN 
100 |a Sinclair, Joshua  |e (realización) 
245 1 0 |a Shaka Zulu /  |c Realización de J. Sinclair. 
264 4 |a Holanda? :  |b Global Entertainment ;  |a Alemania? :  |b Victory Shaka Zulu,  |c 2001, c2001 
264 4 |a México :  |b Representaciones Comerciales y Educativas en Video [dist.],  |c 2005, c2005 
300 |a 2 DVD multirregión  |c (91, 89 min.) 
336 |a imagen móvil bidimensional  |b tdi  |2 rdacontenido 
337 |a video  |b v  |2 rdamedio 
338 |a videodisco  |b vd  |2 rdasoporte 
649 |a XX 
650 |a Cineastas Norteamericanos 
650 |a Reyes Zulúes -  |x Biografías 
650 |a Zulúes -  |x Historia 
650 |a Grupos Etnicos -  |z Sudáfrica -  |x Historia 
650 |a Militares Británicos -  |x Biografías 
650 |a Series Históricas 
650 |a Series Dramáticas 
650 |a Miniseries 
650 |a Series de Televisión 
650 |a Televisión -  |z Alemania -  |y 2000-2009 
650 |a Televisión -  |z Alemania -  |y Siglo XXI 
650 |a KwaZulu-Natal, Sudáfrica -  |x Historia 
650 |a Sudáfrica -  |x Historia -  |y Shaka, 1816-1828 
650 |a Sudáfrica -  |x Historia -  |y Reino Zulú, 1816-1897 
650 |a Sudáfrica -  |x Historia -  |y Siglo XIX 
650 |a Gran Bretaña -  |x Historia -  |y Jorge IV, 1820-1830 
650 |a Gran Bretaña -  |x Historia -  |y Siglo XIX 
650 |a Gran Bretaña -  |x Historia -  |y Casa Hannover, 1714-1837 
650 |a Shaka, Rey Zulú -  |x Tema Principal 
740 0 |a Shaka Zulu :  |b The Citadel /  |c Realización de J. Sinclair. 
700 |a Sinclair, Joshua  |e (guión) 
700 |a Sinclair, Marie-Louise  |e (guión) 
700 |a Battaglia, Gianlorenzo  |e (fotógrafo) 
700 |a Nahler, Britta  |e (montaje) 
700 |a Olins, Charles  |e (música) 
700 |a Ryder, Mark  |e (música) 
700 |a Cele, Henry  |e (actuación) 
700 |a Fox, James  |e (actuación) 
700 |a Hasselhoff, David  |e (actuación) 
910 |a Fondo General 
920 |a Audiovisuales - DVDs 
905 |a 302 
901 |a 0500199582  |b IT2  |c DVS  |i C128825  |u 20250521 
901 |a 0500199583  |b IT2  |c DVS  |i C128826  |u 20250521 
902 |a https://opac.biblio.iteso.mx/vufind/Record/000313275